Letters of the English Alphabet - Statistics

General Stats
  • This quiz has been taken 19 times
  • The average score is 26 of 26
Answer Stats
Hint Answer % Correct
1 A
100%
2 B
100%
3 C
100%
4 D
100%
5 E
100%
6 F
100%
7 G
100%
8 H
100%
9 I
100%
11 K
100%
12 L
100%
14 N
100%
15 O
100%
16 P
100%
17 Q
100%
18 R
100%
19 S
100%
22 V
100%
23 W
100%
24 X
100%
25 Y
100%
26 Z
100%
10 J
93%
13 M
93%
20 T
93%
21 U
87%
No matching quizzes found
Score Distribution
Percent of People with Each Score
Percentile by Number Answered
Your Score History
You have not taken this quiz